000 00960cam a2200325 i 4500
001 200466081
003 TR-AnTOB
005 20251120143251.0
007 ta
008 250528s2024 tu 000 0 tur d
020 _a9786255994714
040 _aIU
_eeng
_brda
_cIU
_dTR-AnTOB
041 0 _atur
050 1 4 _aKKX3800
_b.O8636 2024
090 _aKKX3800
_b.O8636 2024
100 1 _aOsmanoğlu, Bilal
_eauthor
_9144959
245 1 0 _aCeza ve ceza muhakemesi hukukunda etkin pişmanlık /
_cBilal Osmanoğlu.
250 _a1. Baskı
264 1 _aİstanbul :
_bOn İki Levha,
_c2024.
300 _axxıı, 528 pages ;
_c24 cm.
336 _atext
_btxt
_2rdacontent
337 _aunmediated
_bn
_2rdamedia
338 _avolume
_bnc
_2rdacarrier
490 1 _aOn İki Levha Yayınları ;
_v2708.
504 _aBIB
650 0 7 _aCeza hukuku
_zTürkiye
_2etuturkob
_948989
650 0 0 _aPişmanlık
_9121203
942 _2lcc
_cBK
999 _c200466081
_d84293